000 00718nam a2200217 a 4500
001 000044548
005 20240302073951.0
008 140714s2008 dr a 000 0 spa d
020 _a9789993483478
040 _aDO-SdBNP
_bspa
_cBNPHU
082 _a920.72
_bS211C, 2008
100 1 _aCassá, Roberto,
_d1948-
_910888
245 1 0 _aMaría Trinidad Sánchez :
_bla heroína de febrero /
_cRoberto Cassá ; ilustraciones Ramiro Manzano.
250 _a3a ed.
260 _aSanto Domingo :
_bTobogan,
_c2008.
300 _a59 p. :
_bil. ;
_c22 cm.
490 1 _aBiografías dominicanas Tobogán ;
504 _aBibliografía p: 61
590 _aInventariado, 2018/ YL
830 0 _aBiografías dominicanas Tobogán
_9769
999 _c44037
_d44037